CELL BIOLOGY INTERNATIONAL REPORTS (Record no. 9384)

MARC details
000 -LEADER
fixed length control field 00384nam a2200133Ia 4500
022 ## - INTERNATIONAL STANDARD SERIAL NUMBER
ISSN 0309-1651
245 #0 - TITLE STATEMENT
Title CELL BIOLOGY INTERNATIONAL REPORTS
260 ## - PUBLICATION, DISTRIBUTION, ETC. (IMPRINT)
Name of publisher International Federation for Cell Biology, London
Place of publication UK
310 ## - CURRENT PUBLICATION FREQUENCY
Current publication frequency M
500 ## - GENERAL NOTE
General note Ending Volume & Year: 9, 1985
500 ## - GENERAL NOTE
General note Starting Volume & Year: 4, 1980
942 ## - ADDED ENTRY ELEMENTS (KOHA)
Koha item type Bound Journal
Holdings
Withdrawn status Lost status Damaged status Not for loan Home library Current library Date acquired Accession Number Koha item type
      Bound journals RRII Library RRII Library 31/12/2021 09332J Bound Journal